|
|
|
|
| LEADER |
00000nab a2200000 a 4500 |
| 001 |
vtls000053895 |
| 003 |
SK-MaSNL |
| 005 |
20260304235630.0 |
| 008 |
160202c1980 xo 0 slo |
| 015 |
|
|
|a SNBRB19rr/mm-uuuuu
|
| 035 |
|
|
|a CL0063992
|
| 040 |
|
|
|a SNKBUCL
|b slo
|c SNKBUCL
|e AACR2
|
| 041 |
0 |
|
|a slo
|
| 044 |
|
|
|a xo
|c SK
|
| 080 |
|
|
|a 78.071
|2 1981
|
| 080 |
|
|
|a 92 Smetana, Bedřich
|2 1981
|
| 100 |
0 |
|
|a Tvr
|4 aut
|9 1006608
|
| 245 |
1 |
0 |
|a Monografia o B. Smetanovi
|c Tvr
|
| 600 |
1 |
7 |
|a Smetana, Bedřich,
|d 1824-1884
|2 snkbucl
|9 116806
|
| 655 |
|
7 |
|a recenzie
|2 snkbucl
|9 21907
|
| 655 |
|
7 |
|a články z novín a časopisov
|2 snkbucl
|9 267496
|
| 773 |
0 |
|
|t Ľud
|g Roč. 33, č. 56 (6. 3. 1980), s. 5
|
| 787 |
0 |
8 |
|i Rec.:
|a Holzknecht, Václav
|t Život a dielo
|d Praha : Panton, 1980
|
| 850 |
|
|
|a Slovenská národná knižnica v Martine
|a MTA001
|
| 852 |
|
|
|a SNK
|b KIS3GCP
|
| 958 |
|
|
|a RK
|
| 958 |
|
|
|a CZ
|
| 958 |
|
|
|a SK
|
| 992 |
|
|
|a RBX
|
| 999 |
|
|
|c 3209749
|d 3211679
|